000 00674nam a2200241Ia 4500
003 OSt
005 20220918202115.0
006 a|||||r|||| 00| 0
007 ta
008 220917b |||||||| |||| 00| 0 eng d
024 _a98,848
037 _cTextual
040 _aARTS
_cARTS
_beng
041 _2eng
_aeng
082 _aV2:51.N46<--N13, L7
100 _aStokes Satyanand
_9102302
245 0 _aNational self -realisation
_b And other essays
260 _aNew Delhi
_bRubicon Publishing House
_c1977
300 _ax, 292p.
_ccm.
650 _aHISTORY
942 _hV2:51.N46<--N13, L7
_cTEXL
_2CC
999 _c222432
_d222432